Statistics for Pictures of Random Things A-Z #1

Click here to take the quiz!

General Stats

  • This quiz has been taken 105 times
  • The average score is 14 of 26

Answer Stats

Answer% Correct
Avocado
92%
Owl
82%
Rope
82%
Nike
79%
Hourglass
71%
Zipper
71%
Cockroach
70%
Xylophone
68%
Fin
64%
Doorbell
63%
Van
59%
Yak
59%
Blue Cheese
56%
Garage
51%
Pentagon
51%
Quartz
51%
Umpire
51%
Emperor Penguin
49%
Wok
48%
Kenya
45%
Jackrabbit
38%
Locust
36%
Toronto
33%
Indigo
16%
Marsh
11%
Shrine
7%

Score Distribution

Percentile by Number Answered

Percent of People with Each Score

Your Score History

You have not taken this quiz